UM Logo

Crowdsourcing service innovation creativity : (Record no. 21194)

MARC details
000 -LEADER
fixed length control field 00964nam a22002417a 4500
003 - CONTROL NUMBER IDENTIFIER
control field OSt
005 - DATE AND TIME OF LATEST TRANSACTION
control field 20250214131138.0
008 - FIXED-LENGTH DATA ELEMENTS--GENERAL INFORMATION
fixed length control field 240902b ||||| |||| 00| 0 eng d
040 ## - CATALOGING SOURCE
Transcribing agency 0
082 ## - DEWEY DECIMAL CLASSIFICATION NUMBER
Classification number DPer 658.8 J826 Winter-Fall 2019 v. 27 n. 1-4
100 ## - MAIN ENTRY--PERSONAL NAME
Personal name Johnson, Jeff S.
Relator term author.
9 (RLIN) 59848
245 ## - TITLE STATEMENT
Title Crowdsourcing service innovation creativity :
Remainder of title environmental influence and contingencies /
Statement of responsibility, etc. Jeff S. Johnson, Gregory J. Fisher, and Scott B. Friend.
260 ## - PUBLICATION, DISTRIBUTION, ETC. (IMPRINT)
Place of publication, distribution, etc. USA ;
Name of publisher, distributor, etc. Taylor & Francis Group,
Date of publication, distribution, etc. Summer 2019.
300 ## - PHYSICAL DESCRIPTION
Extent volume 27, pages 251-268,
Other physical details illustration.
500 ## - GENERAL NOTE
General note Journal of Marketing Theory and Practice, vol. 27, no. 3, pages 251-268, Summer 2019.
650 #0 - SUBJECT ADDED ENTRY--TOPICAL TERM
Topical term or geographic name as entry element Environmental
9 (RLIN) 16129
650 #0 - SUBJECT ADDED ENTRY--TOPICAL TERM
Topical term or geographic name as entry element Crowdsourcing.
9 (RLIN) 65283
650 #0 - SUBJECT ADDED ENTRY--TOPICAL TERM
Topical term or geographic name as entry element Service innovation.
9 (RLIN) 65284
700 ## - ADDED ENTRY--PERSONAL NAME
Personal name Johnson, Jeff S.
Relator term author.
9 (RLIN) 59848
700 ## - ADDED ENTRY--PERSONAL NAME
Personal name Fisher, Gregory J.
Relator term author.
9 (RLIN) 59849
700 ## - ADDED ENTRY--PERSONAL NAME
Personal name Friend, Scott B.
Relator term author.
9 (RLIN) 59850
942 ## - ADDED ENTRY ELEMENTS (KOHA)
Source of classification or shelving scheme Dewey Decimal Classification
Koha item type Periodicals
Holdings
Withdrawn status Lost status Source of classification or shelving scheme Damaged status Not for loan Collection code Home library Current library Date acquired Total Checkouts Full call number Date last seen Price effective from Koha item type Public note
    Dewey Decimal Classification     Periodicals UM Digos College - LIC UM Digos College - LIC 09/02/2024   DPer 658.8 J826 Winter-Fall 2019 v. 27 n. 1-4 09/02/2024 09/02/2024 Periodicals Periodical Article